000
00323nam a22001337a 4500
008
181008b xxu||||| |||| 00| 0 eng d
020
_a
9781884585289
041
_a
eng
080
_2
3rd
_a
311
100
_a
55
101
_a
STA
245
_a
Making Sense of Statistics A Conceptual Overview
_c
Pyrczak,F
942
_2
udc
_c
BK
999
_c
49038
_d
49038